Countries Jamie Oliver has Visited - Statistics

General Stats
  • This quiz has been taken 14 times
  • The average score is 16 of 31
Answer Stats
Continent Country % Correct
Oceania Australia
91%
Europe Italy
91%
North America United States of America
82%
South America Brazil
73%
Europe United Kingdom
73%
Asia China
64%
Europe France
64%
Europe Ireland
64%
Europe Spain
64%
Europe Austria
55%
Europe Finland
55%
Asia Indonesia
55%
Europe Portugal
55%
Africa South Africa
55%
Europe Sweden
55%
Europe Germany
45%
Europe Greece
45%
Asia India
45%
Europe Netherlands
45%
Europe Norway
45%
Asia Saudi Arabia
45%
Asia United Arab Emirates
45%
Asia Bahrain
36%
Europe Hungary
36%
Africa Morocco
36%
Asia Singapore
36%
Asia Thailand
36%
Europe Cyprus
27%
Asia Malaysia
27%
Europe Serbia
27%
Asia Kuwait
18%
No matching quizzes found
Score Distribution
Percent of People with Each Score
Percentile by Number Answered
Your Score History
You have not taken this quiz